| 000 | 00395nam a2200145Ia 4500 | ||
|---|---|---|---|
| 008 | 151015s9999 xx 000 0 und d | ||
| 020 | _a132221861 | ||
| 050 | _aN 7425 .S29 2007 | ||
| 245 | _aSayre Henry M. | ||
| 250 | _a_A World of Art / Henry M. Sayre | ||
| 300 | _aMexico : Pearson Education , 2007 | ||
| 500 | _aIncludes index | ||
| 650 | _a_Art | ||
| 700 | _a^d20130515 02:15:10^oanne | ||
| 999 |
_c4382 _d4382 |
||